U.S. Celebrity Gossip by Year, 2010–present - Statistics

General Stats
  • This quiz has been taken 14,058 times
    3,957 since last reset
  • The average score is 12 of 15
Answer Stats
Year Gossip Answer % Correct
2022 Actor who slapped Chris Rock at the Oscars Will Smith
98%
2020 Tech mogul who, with partner Grimes, named their newborn son X Æ A-Xii Elon Musk
96%
2023 Prince who spilled dirt on the royal family in his memoir entitled "Spare" Prince Harry
94%
2019 Sex criminal with ties to Prince Andrew and Bill Clinton who committed suicide in his jail cell – or did he? Jeffrey Epstein
87%
2021 Singer who romantically reunited with Ben Affleck after 15 years apart Jennifer Lopez
84%
2024 Music producer who was arrested after a lawsuit by Cassie led to numerous allegations of sexual abuse P. Diddy
84%
2016 Actress who filed for divorce and asked for full custody of children Shiloh, Maddox, Vivienne, Knox, Zahara, and Pax Angelina Jolie
83%
2018 Singer who married American model Hailey Baldwin Justin Bieber
83%
2015 Former Olympic decathlete who announced she was a woman Caitlyn Jenner
81%
2013 Naughty singer who twerked at the MTV Video Music awards Miley Cyrus
81%
2014 Over-exposed reality star who threatened to "break the internet" by releasing nude photos Kim Kardashian
79%
2017 Powerful Hollywood producer who was the first of many celebrities to be fired as a result of the #metoo movement Harvey Weinstein
75%
2012 Actress who was caught cheating on boyfriend and costar Robert Pattinson Kristen Stewart
70%
2010 Athlete who was divorced by Swedish model Elin Nordegren after his many affairs were revealed Tiger Woods
62%
2011 Actor who claimed to be a "warlock" with "tiger blood" during a famous meltdown Charlie Sheen
45%
No matching quizzes found
Score Distribution
Percent of People with Each Score
Percentile by Number Answered
Your Score History
You have not taken this quiz since the last reset